[Event "14th HZ Open"]
[Site "Vlissingen NED"]
[Date "2010.08.13"]
[Round "8"]
[White "Eng,A"]
[Black "Verlinde,T"]
[Result "1-0"]
[WhiteElo "2086"]
[BlackElo "2235"]
[EventDate "2010.08.07"]

1. e4 c5 2. Nf3 d6 3. d4 cxd4 4. Nxd4 Nf6 5. Nc3 a6 6. Be2 e5 7. Nf3 Be7 8.
O-O O-O 9. Be3 Nbd7 10. a4 b6 11. Bc4 Bb7 12. Qd3 Qc7 13. Rad1 h6 14. Nh4
Rfd8 15. Nf5 Bf8 16. f3 Nc5 17. Qe2 Rac8 18. b3 Rd7 19. Qf2 Qd8 20. Qg3 Kh7
21. Kh1 g6 22. Nh4 d5 23. exd5 Nxd5 24. Bxc5 Rxc5 25. Ne4 Rc6 26. Qh3 Bc8
27. Bxd5 Rxd5 28. Rxd5 Qxd5 29. Qxc8 Be7 30. Qxa6 Bxh4 31. Qe2 f5 32. Rd1
Qe6 33. Nf2 Bxf2 34. Qxf2 e4 35. fxe4 fxe4 36. Re1 Rc5 37. h3 h5 38. c4 Re5
39. Re3 Qd7 40. Qf6 Qd4 41. Rg3 g5 42. Rxg5 Qd1+ 43. Kh2 Rxg5 44. Qxg5 Qe2
45. a5 bxa5 46. c5 Qd3 47. Qe7+ Kg8 48. c6 Qe3 49. Qe8+ Kg7 50. Qe5+ Kh6
51. c7 Qc1 52. Qf6+ Kh7 53. Qf5+ 1-0

[Event "14th HZ Open"]
[Site "Vlissingen NED"]
[Date "2010.08.13"]
[Round "8"]
[White "Stange,S"]
[Black "Fuchs,Ju"]
[Result "0-1"]
[WhiteElo "2116"]
[BlackElo "2232"]
[EventDate "2010.08.07"]

1. d4 Nf6 2. c4 e6 3. Nf3 d5 4. cxd5 exd5 5. Bf4 Bd6 6. Bxd6 Qxd6 7. Qc2
O-O 8. Nc3 a6 9. e3 Nc6 10. a3 Re8 11. Bd3 Bg4 12. O-O Bxf3 13. gxf3 Ne7
14. Ne2 Ng6 15. Bxg6 hxg6 16. Kg2 Rac8 17. b4 Nd7 18. Nf4 g5 19. Ne2 Re6
20. Ng3 Rh6 21. Rh1 g6 22. Kf1 Qf6 23. Ke2 c6 24. Qd1 Re8 25. Ra2 Nb6 26.
Kd3 Kg7 27. a4 Rh4 28. b5 Nc4 0-1

[Event "14th HZ Open"]
[Site "Vlissingen NED"]
[Date "2010.08.13"]
[Round "8"]
[White "Willemsma,A"]
[Black "Gryson,W"]
[Result "0-1"]
[WhiteElo "2075"]
[BlackElo "2223"]
[EventDate "2010.08.07"]

1. e4 g6 2. d4 Bg7 3. Nf3 d6 4. Bc4 Nf6 5. Qe2 Nc6 6. c3 Bg4 7. Nbd2 e5 8.
h3 Bxf3 9. Nxf3 exd4 10. cxd4 O-O 11. d5 Nb4 12. a3 Na6 13. Bxa6 bxa6 14.
O-O Re8 15. Qxa6 Nxe4 16. Rb1 Rb8 17. Qd3 Qd7 18. b4 Qb5 19. Rb3 a5 20. Qc2
Qxd5 21. Rd1 Qb7 22. Bf4 Nc5 23. Rbb1 axb4 24. axb4 Ne6 25. Be3 Ra8 26. b5
Red8 27. Nd4 Bxd4 28. Bxd4 d5 29. Bf6 Rd7 30. Qd2 Qb6 31. Ra1 Rb8 32. Rab1
Qd6 33. h4 Nc5 34. Bd4 Ne4 35. Qh6 f6 36. h5 Rg7 37. hxg6 Rxg6 38. Qh2 Qd7
39. b6 Rb7 40. bxc7 Rxc7 41. Rdc1 Rxc1+ 42. Rxc1 Nd6 43. Qf4 Qh3 44. Qh2
Qg4 45. Be3 h5 46. Kf1 Nf7 47. f3 Qe6 48. Qxh5 Kg7 49. Qh4 0-1

[Event "14th HZ Open"]
[Site "Vlissingen NED"]
[Date "2010.08.13"]
[Round "8"]
[White "Niewenhuis,R"]
[Black "Balje,J"]
[Result "0-1"]
[WhiteElo "1898"]
[BlackElo "2204"]
[EventDate "2010.08.07"]

1. Nf3 d5 2. d4 Nf6 3. c4 c6 4. Nc3 e6 5. cxd5 exd5 6. Qc2 g6 7. Bg5 Bf5 8.
Qb3 b6 9. e3 Be7 10. Ne5 Nfd7 11. Bh6 Nxe5 12. dxe5 Nd7 13. Bf4 O-O 14. Rc1
Re8 15. Ba6 Nc5 0-1

[Event "14th HZ Open"]
[Site "Vlissingen NED"]
[Date "2010.08.13"]
[Round "8"]
[White "De Vleeschauwer,M"]
[Black "Van Veen,O"]
[Result "0-1"]
[WhiteElo "1846"]
[BlackElo "2199"]
[EventDate "2010.08.07"]

1. e4 e5 2. Nf3 Nc6 3. Bc4 Nf6 4. Ng5 d5 5. exd5 Na5 6. Bb5+ c6 7. dxc6
bxc6 8. Be2 h6 9. Nf3 e4 10. Ne5 Bc5 11. c3 Bd6 12. d4 exd3 13. Nxd3 Qc7
14. Qa4 O-O 15. Bf4 Re8 16. Bxd6 Qxd6 17. Nc1 Ba6 18. c4 Bxc4 19. Qxa5 Bxe2
20. Nxe2 Rxe2+ 0-1

[Event "14th HZ Open"]
[Site "Vlissingen NED"]
[Date "2010.08.13"]
[Round "8"]
[White "Dek,L"]
[Black "Van Eijndhoven,E"]
[Result "1-0"]
[WhiteElo "2199"]
[BlackElo "2063"]
[EventDate "2010.08.07"]

1. e4 e6 2. d4 d5 3. Nc3 Bb4 4. e5 c5 5. Bd2 Ne7 6. Nb5 Bxd2+ 7. Qxd2 O-O
8. f4 Bd7 9. Nf3 Bxb5 10. Bxb5 cxd4 11. O-O Nbc6 12. Kh1 Qb6 13. Bd3 Nb4
14. Nxd4 Nxd3 15. Qxd3 Nc6 16. Nf3 Rac8 17. Ng5 g6 18. Qh3 h5 19. g4 Kg7
20. gxh5 Rh8 21. Nxe6+ fxe6 22. Qxe6 Rxh5 23. Qxc8 Ne7 24. Qc3 d4 25. Qf3
Nf5 26. Rg1 Nh4 27. Qe4 d3 28. Raf1 dxc2 29. Qxc2 Qb5 30. Qe4 Qxb2 31. Rg2
Qxg2+ 32. Qxg2 Nxg2 33. Kxg2 Rf5 34. h4 Rf7 35. Rf2 Rc7 36. Kg3 Kf7 37. Kg4
b5 38. h5 gxh5+ 39. Kxh5 Ke6 40. Kg6 Rc3 41. f5+ Kxe5 42. f6 b4 43. f7 1-0

[Event "14th HZ Open"]
[Site "Vlissingen NED"]
[Date "2010.08.13"]
[Round "8"]
[White "Lukas,M"]
[Black "Tan,Mat"]
[Result "0-1"]
[WhiteElo "2035"]
[BlackElo "2381"]
[EventDate "2010.08.07"]

1. e4 c5 2. Nf3 e6 3. d4 cxd4 4. Nxd4 Nf6 5. Nc3 Qb6 6. Nb3 Bb4 7. Bd3
Bxc3+ 8. bxc3 d6 9. O-O O-O 10. Be3 Qc7 11. f4 Nc6 12. Nd4 e5 13. Nxc6 Qxc6
14. f5 Nxe4 15. f6 Nxf6 16. Rxf6 gxf6 17. Qh5 e4 18. Bd4 Re8 19. Bb5 Re5
0-1

[Event "14th HZ Open"]
[Site "Vlissingen NED"]
[Date "2010.08.13"]
[Round "8"]
[White "Drent,S"]
[Black "Duessel,U"]
[Result "1/2-1/2"]
[WhiteElo "2011"]
[BlackElo "2271"]
[EventDate "2010.08.07"]

1. e4 e5 2. Nf3 Nc6 3. Bb5 a6 4. Ba4 Nf6 5. d4 b5 6. Bb3 Nxe4 7. Nxe5 Nxe5
8. dxe5 Bb7 9. O-O Qh4 10. Be3 d5 11. f3 Nc5 12. c3 Be7 13. Bc2 O-O 14. b4
Ne6 15. f4 a5 16. f5 Ng5 17. Rf4 Qh6 18. h4 d4 19. cxd4 Nh3+ 20. gxh3 Bxh4
21. Re4 Bg5 22. Bxg5 Qxg5+ 23. Kf2 Qxf5+ 24. Qf3 Qxf3+ 25. Kxf3 f5 26. exf6
Rxf6+ 27. Ke2 Bxe4 28. Bxe4 Rd8 29. d5 Rh6 30. bxa5 Rxh3 31. Nd2 Ra3 32.
Nb3 Ra4 33. Ke3 Re8 34. Nc5 Rxa5 35. Ne6 Ra3+ 36. Kd4 c6 37. Rg1 Ra4+ 38.
Ke5 Rxe4+ 39. Kxe4 cxd5+ 40. Kxd5 g6 41. Rg2 b4 42. Nf4 Kf7 43. Nd3 Rb8 44.
Ne5+ Kg7 45. Kc4 Rb7 46. Nd3 Kf6 47. Nxb4 Ra7 48. Nd5+ Kf5 49. Kb4 Ke4 50.
Nf6+ Kf3 51. Rg5 Kf4 52. Nxh7 Rxa2 53. Rxg6 1/2-1/2

[Event "14th HZ Open"]
[Site "Vlissingen NED"]
[Date "2010.08.13"]
[Round "8"]
[White "Vroombout,E"]
[Black "Rademakers,M"]
[Result "0-1"]
[WhiteElo "2170"]
[BlackElo "2041"]
[EventDate "2010.08.07"]

1. d4 f5 2. g3 Nf6 3. Bg2 d6 4. Nc3 g6 5. Nh3 Bg7 6. Nf4 O-O 7. h4 c6 8. d5
Qb6 9. e3 Ng4 10. Qe2 Kh8 11. Bd2 Qxb2 12. Rb1 Qa3 13. Rb3 Qa5 14. h5 g5
15. Ng6+ hxg6 16. hxg6+ Kg8 17. dxc6 bxc6 18. Qc4+ e6 19. Rb7 Qa6 20. Rxg7+
Kxg7 21. Qd4+ Kxg6 22. Qxd6 Re8 23. e4 Nf6 24. Bxg5 Kxg5 25. Qf4+ Kg6 26.
Rh6+ Kf7 27. Qg5 Nbd7 28. Qg6+ Ke7 29. e5 Rf8 30. Qg7+ Rf7 31. exf6+ Nxf6
0-1

[Event "14th HZ Open"]
[Site "Vlissingen NED"]
[Date "2010.08.13"]
[Round "8"]
[White "Dijkstra,A"]
[Black "De Wolf,J"]
[Result "1/2-1/2"]
[WhiteElo "1941"]
[BlackElo "2152"]
[EventDate "2010.08.07"]

1. e4 d5 2. exd5 Nf6 3. Nf3 Nxd5 4. d4 Bg4 5. Be2 e6 6. O-O c6 7. Re1 Be7
8. c3 Nd7 9. h3 Bf5 10. Bd3 Bxd3 11. Qxd3 O-O 12. b3 c5 13. Ba3 cxd4 14.
Bxe7 Qxe7 15. Qxd4 Qc5 16. Qxc5 Nxc5 17. Nbd2 Rfd8 18. c4 Nb4 19. Ne4 Nxe4
1/2-1/2

[Event "14th HZ Open"]
[Site "Vlissingen NED"]
[Date "2010.08.13"]
[Round "8"]
[White "Go,B"]
[Black "Van Midde,J"]
[Result "1-0"]
[WhiteElo "2128"]
[BlackElo "2022"]
[EventDate "2010.08.07"]

1. e4 e5 2. Nf3 Nc6 3. Nc3 Nf6 4. Nxe5 Nxe5 5. d4 Ng6 6. e5 Ng8 7. Bc4 Bb4
8. Qf3 Qe7 9. h4 Nh6 10. h5 Nxe5 11. dxe5 Qxe5+ 12. Kf1 Bxc3 13. Bxh6 O-O
14. bxc3 gxh6 15. Re1 Qc5 16. Rh3 Qxc4+ 17. Kg1 f6 18. Rg3+ Kf7 19. Qf5 Rh8
20. Rge3 d6 21. Re7+ Kf8 22. Qxf6+ 1-0

[Event "14th HZ Open"]
[Site "Vlissingen NED"]
[Date "2010.08.13"]
[Round "8"]
[White "Burg,H"]
[Black "Hekhuis,J"]
[Result "1/2-1/2"]
[WhiteElo "1935"]
[BlackElo "2128"]
[EventDate "2010.08.07"]

1. e4 c5 2. Nf3 d6 3. d4 cxd4 4. Nxd4 Nf6 5. Nc3 g6 6. Be3 Bg7 7. f3 O-O 8.
Qd2 Nc6 9. Bc4 Bd7 10. O-O-O Ne5 11. Bb3 Qa5 12. Kb1 Rfc8 13. h4 b5 14. Nd5
Qxd2 15. Rxd2 Nxd5 16. Bxd5 Nc4 17. Bxc4 Rxc4 18. h5 a5 19. hxg6 hxg6 20.
Ne2 a4 21. Bd4 Bxd4 22. Nxd4 Rac8 23. g4 Kg7 24. g5 R8c5 25. Rg1 b4 26. Ne2
Ra5 27. b3 axb3 28. axb3 Rcc5 29. Rd4 Rab5 30. f4 d5 31. e5 Bf5 32. Rd2 Rb8
33. Kb2 Rbc8 34. Nd4 Be4 35. Ra1 R8c7 1/2-1/2

[Event "14th HZ Open"]
[Site "Vlissingen NED"]
[Date "2010.08.13"]
[Round "8"]
[White "Foo,Be"]
[Black "Van de Groep,W"]
[Result "1-0"]
[WhiteElo "2112"]
[BlackElo "1970"]
[EventDate "2010.08.07"]

1. e4 e6 2. Qe2 c5 3. g3 Nc6 4. d3 h5 5. h4 d6 6. Bg2 Bd7 7. c3 Nge7 8. Bg5
e5 9. Na3 a6 10. Nc4 Qc7 11. Bf3 g6 12. Bf6 Rg8 13. Qd2 Bg7 14. Bxg7 Rxg7
15. Ne2 Be6 16. Ne3 Qa5 17. O-O b5 18. Rfd1 b4 19. Nd5 Bxd5 20. exd5 Na7
21. Qg5 Kf8 22. d4 exd4 23. cxd4 c4 24. Nf4 Nac8 25. Re1 Ra7 26. Re3 c3 27.
bxc3 bxc3 28. Rae1 Rc7 29. Nd3 Kg8 30. R3e2 Kf8 31. Bg2 Qb5 32. Nc1 Qd7 33.
Kh2 a5 34. Bh3 f5 35. Bg2 Qa4 36. Nd3 c2 37. Nf4 c1=Q 38. Ne6+ Kg8 39. Rxc1
Rxc1 40. Qxc1 Rf7 41. Qc7 Qb4 42. Qd8+ Kh7 43. Ng5+ Kg7 44. Qe8 1-0

[Event "14th HZ Open"]
[Site "Vlissingen NED"]
[Date "2010.08.13"]
[Round "8"]
[White "Van Overdam,Ju"]
[Black "Thanabalasingam,A"]
[Result "1-0"]
[WhiteElo "2102"]
[BlackElo "1940"]
[EventDate "2010.08.07"]

1. e4 c5 2. Nc3 d6 3. f4 g6 4. Nf3 Bg7 5. Bc4 Nc6 6. O-O e6 7. d3 Nge7 8.
Qe1 O-O 9. f5 gxf5 10. Qh4 Ng6 11. Qh5 Nd4 12. Bg5 Bf6 13. Bh6 Bg7 14. Ng5
Qf6 15. Nxh7 1-0

[Event "14th HZ Open"]
[Site "Vlissingen NED"]
[Date "2010.08.13"]
[Round "8"]
[White "Koch,Ma"]
[Black "Vermue,Albert"]
[Result "0-1"]
[WhiteElo "2081"]
[BlackElo "1876"]
[EventDate "2010.08.07"]

1. d4 d5 2. c4 e5 3. dxe5 d4 4. Nf3 Nc6 5. a3 Be6 6. Nbd2 Nge7 7. Qa4 Bd7
8. Qd1 Be6 9. b3 Ng6 10. Bb2 Ncxe5 11. Nxd4 Qe7 12. Qc2 Ng4 13. Nxe6 Qxe6
14. h3 Nxf2 15. Kxf2 Bc5+ 16. Ke1 O-O-O 17. Qe4 Qb6 18. Bc3 Rhe8 19. Qf5+
Kb8 20. b4 Be3 21. c5 Qc6 22. Nc4 Rd5 23. Qc2 Bf4 24. e3 Bg3+ 25. Ke2 Nf4+
26. Kf3 Rd2+ 27. Kxg3 Rxc2 0-1

[Event "14th HZ Open"]
[Site "Vlissingen NED"]
[Date "2010.08.13"]
[Round "8"]
[White "Koerber,M"]
[Black "Stange,W"]
[Result "1/2-1/2"]
[WhiteElo "1894"]
[BlackElo "2072"]
[EventDate "2010.08.07"]

1. d4 Nf6 2. Nf3 g6 3. c4 Bg7 4. Nc3 O-O 5. g3 d6 6. Bg2 Nc6 7. O-O a6 8.
b3 Rb8 9. e3 b5 10. Nd2 Na5 11. cxb5 axb5 12. Bb2 b4 13. Nce4 Nxe4 14. Nxe4
c5 15. Nd2 d5 16. a3 bxa3 17. Rxa3 Nc6 18. Nf3 Nb4 19. Qd2 Bf5 20. dxc5
Bxb2 21. Qxb2 Nd3 22. Qc3 Rb5 23. Nd4 Rxc5 24. Qd2 Ne5 25. Nxf5 gxf5 26.
Rfa1 e6 27. h3 Qf6 1/2-1/2

[Event "14th HZ Open"]
[Site "Vlissingen NED"]
[Date "2010.08.13"]
[Round "8"]
[White "Zomer,K"]
[Black "Bravo,Fabio"]
[Result "1-0"]
[WhiteElo "2061"]
[BlackElo "1881"]
[EventDate "2010.08.07"]

1. d4 d6 2. Nc3 Nf6 3. e4 g6 4. g3 Bg7 5. Bg2 Nbd7 6. Nge2 c5 7. O-O O-O 8.
h3 Rb8 9. Be3 b6 10. Qd2 Re8 11. Rad1 Bb7 12. Rfe1 cxd4 13. Bxd4 Nc5 14. e5
dxe5 15. Bxe5 Qxd2 16. Rxd2 Nfe4 17. Bxb8 Nxd2 18. Bxa7 Bxg2 19. Kxg2 Nc4
20. b3 Ra8 21. Nb5 Nd6 22. Bxb6 Nd7 23. Nxd6 Nxb6 24. Nb5 Rxa2 25. c4 Rb2
26. Ned4 e5 27. Re2 Rb1 28. Na3 Ra1 29. Ndc2 Ra2 30. c5 Na8 31. b4 Bf8 32.
Rxe5 Nc7 33. Re3 Kg7 34. Rd3 Kf6 35. Rf3+ Kg7 36. Rc3 Rb2 37. Nc4 Ra2 38.
N4a3 Rb2 39. Rc4 Rb3 40. Re4 Rc3 41. Re3 Rxe3 42. Nxe3 Kf6 43. Nac4 Ke6 44.
Nb6 Be7 45. Kf3 Ke5 46. Ke2 Kd4 47. Kd2 Bg5 48. h4 Bh6 49. Nc8 Bxe3+ 50.
fxe3+ Kc4 51. Nd6+ Kxb4 52. Nxf7 Kxc5 53. Kd3 Nd5 54. e4 Ne7 55. Ke3 Kc6
56. Kf4 Kd7 57. Ke5 Ng8 58. Ng5 h6 59. Nf7 Ke7 60. Nh8 g5 61. hxg5 hxg5 62.
Kf5 Nf6 63. e5 Nd5 64. Ng6+ Kf7 65. e6+ Kg7 66. Kxg5 Nc7 67. Nf4 Nb5 68.
Kf5 Nd6+ 69. Ke5 Ne8 70. g4 Nf6 71. Nh5+ 1-0

[Event "14th HZ Open"]
[Site "Vlissingen NED"]
[Date "2010.08.13"]
[Round "8"]
[White "Van Herck,Rob"]
[Black "Van der Borgt,P"]
[Result "1/2-1/2"]
[WhiteElo "1823"]
[BlackElo "2059"]
[EventDate "2010.08.07"]

1. e4 c5 2. Nc3 Nc6 3. f4 g6 4. Nf3 Bg7 5. Bb5 a6 6. Bxc6 dxc6 7. d3 Nf6 8.
O-O O-O 9. Qe1 Nh5 10. Qf2 Bg4 11. e5 b6 12. h3 Bxf3 13. Qxf3 Bh8 14. Qxc6
Ng3 15. Rf3 Nf5 16. Qe4 Nd4 17. Rf2 f6 18. Qd5+ e6 19. Qxd8 Raxd8 20. exf6
Bxf6 21. Ne4 Bg7 22. Kh1 e5 23. g3 Ne6 24. Be3 exf4 25. gxf4 Nd4 26. Ng3
Rde8 27. Re1 Nf5 28. Nxf5 Rxf5 29. c3 Bh6 30. Ree2 Rd5 31. d4 cxd4 32. Bxd4
Rxe2 33. Rxe2 Bxf4 34. Re7 Rb5 35. b3 Rh5 36. Kg2 Bd6 37. Re6 Rg5+ 38. Kf2
Bc5 1/2-1/2

[Event "14th HZ Open"]
[Site "Vlissingen NED"]
[Date "2010.08.14"]
[Round "9"]
[White "L'Ami,E"]
[Black "Henrichs,T"]
[Result "0-1"]
[WhiteElo "2620"]
[BlackElo "2490"]
[EventDate "2010.08.07"]

1. Nf3 d5 2. d4 Nf6 3. c4 c6 4. Nc3 e6 5. Bg5 h6 6. Bh4 dxc4 7. e4 g5 8.
Bg3 b5 9. Be2 Bb7 10. O-O Nbd7 11. Ne5 Bg7 12. Nxd7 Nxd7 13. Bd6 a6 14. a4
b4 15. d5 bxc3 16. dxe6 Ne5 17. Bh5 Bc8 18. e7 Qd7 19. f4 gxf4 20. Rxf4
Qa7+ 21. Kh1 Be6 22. Qf1 cxb2 23. Rb1 Kd7 24. Bxe5 Bxe5 25. Rxf7 Rhe8 26.
Rd1+ Kc7 27. Rh7 c3 28. Bxe8 Rxe8 29. Rd8 Qf2 0-1

[Event "14th HZ Open"]
[Site "Vlissingen NED"]
[Date "2010.08.14"]
[Round "9"]
[White "Fedorchuk,S"]
[Black "Burg,T"]
[Result "1-0"]
[WhiteElo "2665"]
[BlackElo "2449"]
[EventDate "2010.08.07"]

1. e4 c5 2. Nf3 d6 3. c3 Nf6 4. Be2 Nbd7 5. d3 e6 6. O-O b6 7. Nbd2 Bb7 8.
Re1 Rg8 9. Nc4 b5 10. Ne3 g5 11. Nd2 a6 12. a4 bxa4 13. Qxa4 g4 14. d4 cxd4
15. cxd4 h5 16. d5 Ke7 17. Bc4 Bh6 18. Nb3 Bxe3 19. Bxe3 Ne5 20. Na5 Rb8
21. Ba7 Nxc4 22. Nxc4 Ra8 23. Bd4 exd5 24. Nxd6 Kxd6 25. e5+ Ke6 26. exf6+
Kf5 27. Qc2+ Kf4 28. Re5 g3 29. Qf5+ 1-0

[Event "14th HZ Open"]
[Site "Vlissingen NED"]
[Date "2010.08.14"]
[Round "9"]
[White "Nijboer,F"]
[Black "Guidarelli,L"]
[Result "1/2-1/2"]
[WhiteElo "2582"]
[BlackElo "2433"]
[EventDate "2010.08.07"]

1. e4 d6 2. d4 Nf6 3. Nc3 g6 4. Be3 c6 5. h3 Bg7 6. Nf3 O-O 7. a4 Nbd7 8.
a5 Qc7 9. Be2 e5 10. dxe5 Nxe5 11. O-O Nxf3+ 12. Bxf3 Be6 13. Bf4 Rad8 14.
Qd2 Qc8 15. Qe3 d5 16. exd5 Nxd5 17. Nxd5 Bxd5 18. Bxd5 Rxd5 19. c3 a6 20.
Rfe1 Qf5 21. Ra4 h5 22. Rb4 Rb5 23. Rxb5 Qxb5 24. Qb6 Bf6 25. Qxb5 cxb5 26.
g4 hxg4 27. hxg4 g5 28. Bc7 Rc8 29. Bb6 Kf8 30. Rd1 Ke8 31. f3 Rc4 32. Rd6
Ke7 33. Rd3 Ke6 34. Bd8 Bxd8 35. Rxd8 b4 36. Rb8 bxc3 37. bxc3 Rxc3 38.
Rxb7 Rxf3 39. Kg2 Rd3 40. Ra7 Rd6 41. Kf3 f5 42. gxf5+ Kxf5 43. Rf7+ Ke6
44. Rg7 Kf6 45. Ra7 Rc6 46. Ra8 Ke5 47. Rg8 Rc3+ 48. Kg4 Rc4+ 49. Kg3 Kf5
1/2-1/2

[Event "14th HZ Open"]
[Site "Vlissingen NED"]
[Date "2010.08.14"]
[Round "9"]
[White "Ikonnikov,Vy"]
[Black "Kohlweyer,B"]
[Result "1/2-1/2"]
[WhiteElo "2578"]
[BlackElo "2436"]
[EventDate "2010.08.07"]

1. d4 d5 2. Nf3 Nf6 3. c4 c6 4. Nc3 dxc4 5. a4 e6 6. e3 c5 7. Bxc4 Nc6 8.
O-O cxd4 9. Nxd4 Bd7 10. b3 Qb8 11. h3 Bb4 12. Bb2 O-O 13. Nxc6 Bxc6 14.
Qe2 a6 15. Rfd1 Rd8 16. Na2 Rxd1+ 17. Rxd1 Be7 1/2-1/2

[Event "14th HZ Open"]
[Site "Vlissingen NED"]
[Date "2010.08.14"]
[Round "9"]
[White "De Jong,M"]
[Black "Haslinger,S"]
[Result "1/2-1/2"]
[WhiteElo "2358"]
[BlackElo "2552"]
[EventDate "2010.08.07"]

1. e4 e5 2. Nf3 Nc6 3. Bb5 a6 4. Ba4 Nf6 5. O-O Be7 6. Re1 b5 7. Bb3 d6 8.
c3 O-O 9. a4 Bg4 10. d3 Na5 11. Ba2 b4 12. Nbd2 Rb8 13. Nc4 Nxc4 14. Bxc4
bxc3 15. bxc3 c6 16. Ba3 d5 17. Bxe7 Qxe7 18. exd5 cxd5 19. Bxa6 e4 20.
dxe4 dxe4 21. h3 Bh5 22. g4 Nxg4 23. hxg4 Bxg4 24. Be2 exf3 25. Bxf3 Qg5
26. Bxg4 f5 27. Re5 Qg6 28. Qd5+ Kh8 29. a5 Qxg4+ 30. Qg2 Qc4 31. a6 Qxc3
32. Rea5 h6 33. a7 Ra8 34. Qd5 f4 35. R5a3 Qc7 36. Ra6 Qc3 37. Rb1 f3 38.
Kh1 Qc8 39. Rxh6+ gxh6 40. Qe5+ Kh7 41. Qe7+ Kh8 42. Qe5+ Kh7 43. Qe7+ Kh8
44. Qe5+ 1/2-1/2

[Event "14th HZ Open"]
[Site "Vlissingen NED"]
[Date "2010.08.14"]
[Round "9"]
[White "Hoffmann,Micha1"]
[Black "Bitalzadeh,A"]
[Result "1/2-1/2"]
[WhiteElo "2517"]
[BlackElo "2415"]
[EventDate "2010.08.07"]

1. d4 Nf6 2. c4 g6 3. g3 Bg7 4. Bg2 O-O 5. Nf3 d6 6. O-O Nc6 7. Nc3 Bg4 8.
d5 Na5 9. Nd2 c5 10. h3 Bd7 11. Qc2 a6 12. b3 b5 13. Bb2 Rb8 14. Rab1 e5
15. dxe6 Bxe6 16. cxb5 axb5 17. Nde4 Bf5 18. Nxf6+ Bxf6 19. Ne4 Bxb2 20.
Qxb2 Bxe4 21. Bxe4 Re8 22. Bg2 Rc8 23. e3 c4 24. bxc4 Nxc4 25. Qd4 Qa5 26.
Rfd1 Na3 27. Rb3 Nc4 28. Bd5 Ne5 29. Rbb1 Rc5 30. Bg2 Nc4 31. Bd5 Ne5 32.
Bg2 Nc4 33. Qb2 1/2-1/2

[Event "14th HZ Open"]
[Site "Vlissingen NED"]
[Date "2010.08.14"]
[Round "9"]
[White "Brandenburg,D"]
[Black "Kuipers,S"]
[Result "1-0"]
[WhiteElo "2514"]
[BlackElo "2354"]
[EventDate "2010.08.07"]

1. e4 c5 2. Nf3 Nc6 3. c3 Nf6 4. e5 Nd5 5. Bc4 Nb6 6. Bb3 c4 7. Bc2 Qc7 8.
Qe2 g5 9. h3 Bg7 10. O-O Nxe5 11. Nxg5 h6 12. Nf3 d5 13. a4 Nxf3+ 14. Qxf3
Be6 15. Na3 a6 16. d4 cxd3 17. Bxd3 Nd7 18. Re1 Be5 19. Nc2 Nc5 20. Nd4
Bxd4 21. cxd4 Nxd3 22. Qxd3 Rc8 23. Qf3 Qa5 24. Bf4 Kd7 25. b4 Qb6 26. b5
axb5 27. a5 Qa6 28. Reb1 Rc4 29. Ra3 Kc6 30. Bd2 Rc8 31. Rab3 Rc7 32. Rxb5
Qxb5 33. Rxb5 Kxb5 34. Qb3+ Kc6 35. Bf4 Kd7 36. Bxc7 Kxc7 37. g4 Rc6 38.
Qa3 Kd8 39. Qb3 Kc7 40. Qe3 Ra6 41. Qxh6 Rxa5 42. Qf8 Kd7 43. f4 Ra1+ 44.
Kg2 Kd6 45. f5 Bd7 46. Qxf7 b5 47. Qf8 1-0

[Event "14th HZ Open"]
[Site "Vlissingen NED"]
[Date "2010.08.14"]
[Round "9"]
[White "Pruijssers,R"]
[Black "Van Eijk,S"]
[Result "1-0"]
[WhiteElo "2462"]
[BlackElo "2322"]
[EventDate "2010.08.07"]

1. e4 c5 2. Nf3 a6 3. c3 d5 4. exd5 Qxd5 5. d4 Nf6 6. Be3 cxd4 7. cxd4 e6
8. Nc3 Qd8 9. Ne5 Nbd7 10. Be2 Bb4 11. O-O O-O 12. f4 Nb6 13. Qb3 Nbd5 14.
Nxd5 Nxd5 15. Bf3 Be7 16. Rac1 a5 17. a4 Ra6 18. Be2 Rb6 19. Bb5 Bd7 20.
Nxd7 Qxd7 21. Bd2 Ra8 22. f5 exf5 23. Rf3 Rxb5 24. Qxb5 Qxb5 25. axb5 g6
26. b6 Bf6 27. Rd3 Nxb6 28. Rc7 a4 29. Rxb7 Nc4 30. Rb4 Rc8 31. Kf1 Kg7 32.
Bf4 Be7 33. Rb5 Bf6 34. Be5 Bxe5 35. dxe5 Ra8 36. Rc3 Nd2+ 37. Ke2 Ne4 38.
Rc7 a3 39. bxa3 Rxa3 40. Rbb7 Kh6 41. Ra7 Rb3 42. Rcb7 Rc3 43. Rxf7 Kg5 44.
e6 f4 45. e7 Re3+ 46. Kd1 Nf2+ 47. Kc2 Ng4 48. Ra5+ Kh6 49. Ra8 Nf6 50.
Rxf6 Rxe7 51. Rxf4 Re2+ 52. Kd3 Rxg2 53. Rh4+ Kg5 54. Rxh7 Kg4 55. Ke3 Rb2
56. Ra4+ Kg5 57. h4+ Kf5 58. Ra5+ Kf6 59. Ra6+ Kf5 60. Rf7+ Kg4 61. Rxg6+
Kh5 62. Rg5+ Kh6 63. Rf6+ Kh7 64. Ra5 Kg7 65. Rc6 Rb7 66. Kf4 Kh8 67. Kg5
Kh7 68. h5 Kg8 69. h6 Kh7 70. Rca6 1-0

[Event "14th HZ Open"]
[Site "Vlissingen NED"]
[Date "2010.08.14"]
[Round "9"]
[White "Van den Doel,E"]
[Black "Lacrosse,M"]
[Result "1-0"]
[WhiteElo "2591"]
[BlackElo "2193"]
[EventDate "2010.08.07"]

1. e4 e5 2. Nf3 Nc6 3. Bc4 Bc5 4. c3 Nf6 5. d3 a6 6. O-O d6 7. Bb3 Ba7 8.
Be3 O-O 9. Bg5 h6 10. Bh4 g5 11. Bg3 Bg4 12. Nbd2 Nh5 13. Kh1 Nf4 14. Nc4
Bh5 15. Ne3 Bg6 16. Bc2 Re8 17. Re1 Kg7 18. Nd2 Ne7 19. Ndf1 d5 20. exd5
Nexd5 21. d4 exd4 22. cxd4 Qd7 23. Rc1 c6 24. Qd2 Rad8 25. Nc4 Bxc2 26.
Qxc2 Rxe1 27. Rxe1 Bxd4 28. Nfe3 Bxe3 29. fxe3 Nh5 30. Be5+ f6 31. Bd4 Re8
32. Bc5 b5 33. Nd6 Re5 34. Qd1 Kg6 35. g4 Ng7 36. Qb1+ f5 37. e4 1-0

[Event "14th HZ Open"]
[Site "Vlissingen NED"]
[Date "2010.08.14"]
[Round "9"]
[White "Fuchs,Ju"]
[Black "Bosboom,M"]
[Result "0-1"]
[WhiteElo "2232"]
[BlackElo "2455"]
[EventDate "2010.08.07"]

1. e4 g6 2. d4 c6 3. Nc3 d5 4. h3 Bg7 5. Nf3 b5 6. a3 a6 7. Bd3 dxe4 8.
Nxe4 Bf5 9. Be3 Bxe4 10. Bxe4 Nf6 11. Bd3 Nd5 12. O-O Nxe3 13. fxe3 O-O 14.
c3 Nd7 15. Bc2 e6 16. Qe2 c5 17. Rf2 Qe7 18. a4 Bh6 19. Bd3 e5 20. Nh2 c4
21. Bc2 Rae8 22. d5 Qc5 23. Rf3 e4 24. Rff1 f5 25. axb5 axb5 26. b3 Nf6 27.
bxc4 Bxe3+ 0-1

[Event "14th HZ Open"]
[Site "Vlissingen NED"]
[Date "2010.08.14"]
[Round "9"]
[White "Leenhouts,K"]
[Black "Dek,L"]
[Result "1-0"]
[WhiteElo "2407"]
[BlackElo "2199"]
[EventDate "2010.08.07"]

1. d4 Nf6 2. c4 c5 3. d5 e6 4. Nc3 exd5 5. cxd5 d6 6. Nf3 g6 7. g3 Bg7 8.
Bg2 O-O 9. O-O a6 10. a4 Nbd7 11. Nd2 Rb8 12. Nc4 Nb6 13. Na3 Bd7 14. Bf4
Ne8 15. Qb3 g5 16. Bd2 Nxa4 17. Nxa4 b5 18. Nxc5 dxc5 19. Nc2 Bc8 20. Qe3
Bxb2 21. Ra2 Bf6 22. Qxc5 Be7 23. Qd4 Qb6 24. Qxb6 Rxb6 25. Nb4 Bb7 26. Nc6
Bxc6 27. dxc6 b4 28. Be3 Rb5 29. Rxa6 Nd6 30. Bd4 Nc8 31. Rc1 Bd6 32. e3
Bc7 33. Bf1 Rb8 34. Bf6 h6 35. h4 Rb6 36. hxg5 Rxa6 37. Bxa6 hxg5 38. Rc5
Nd6 39. Rxg5+ Kh7 40. g4 1-0

[Event "14th HZ Open"]
[Site "Vlissingen NED"]
[Date "2010.08.14"]
[Round "9"]
[White "Laarhoven,T"]
[Black "Michalczak,T"]
[Result "1/2-1/2"]
[WhiteElo "2223"]
[BlackElo "2367"]
[EventDate "2010.08.07"]

1. c4 e6 2. g3 d5 3. Bg2 Nf6 4. Nf3 Be7 5. O-O O-O 6. b3 b6 7. Bb2 Bb7 8.
d3 dxc4 9. bxc4 c5 10. Nbd2 Nc6 11. Ne5 Rc8 12. Qa4 Qc7 13. Nxc6 Bxc6 14.
Bxc6 Qxc6 15. Qxc6 Rxc6 16. a4 a6 17. Bxf6 Bxf6 18. Ra3 Bd8 19. Rb1 a5 20.
Ne4 f5 21. Nc3 Rf7 22. Rab3 Rd7 23. Kg2 Kf7 24. Rb5 g5 25. h3 h5 26. f3 Rd4
1/2-1/2

[Event "14th HZ Open"]
[Site "Vlissingen NED"]
[Date "2010.08.14"]
[Round "9"]
[White "Nabuurs,J"]
[Black "Freeke,M"]
[Result "0-1"]
[WhiteElo "2222"]
[BlackElo "2315"]
[EventDate "2010.08.07"]

1. e4 e5 2. f4 exf4 3. Be2 Nf6 4. e5 Ne4 5. Nf3 g5 6. d3 g4 7. dxe4 gxf3 8.
Bxf3 Qh4+ 9. Kf1 b6 10. Nc3 Ba6+ 11. Be2 f3 12. Bxa6 fxg2+ 13. Kxg2 Rg8+
14. Kf1 Nxa6 15. Qf3 Bb4 16. Be3 Bxc3 17. bxc3 O-O-O 18. a4 Nb8 19. a5 Nc6
20. axb6 cxb6 21. Bf2 Qg4 22. Qd3 Qg2+ 23. Ke2 d5 24. exd6 Rge8 25. Raf1
Rxe4+ 26. Kd1 Qg6 27. Kc1 Rxd6 28. Qa6+ Kb8 29. Rhg1 Qh6+ 30. Kb1 f5 31.
Bxb6 axb6 32. Qxb6+ Kc8 33. Rxf5 Re7 34. Rg8+ Kd7 35. Qb7+ Ke6 36. Qc8+
Red7 37. Rf1 Kd5 38. c4+ Kc5 39. Rf5+ Kb4 40. Rb5+ Kxc4 41. Rgg5 Rd1+ 42.
Kb2 Qf6+ 43. Rbe5 R1d5 44. Kc1 Qf4+ 45. Kb1 Rd1+ 46. Ka2 Ra1+ 47. Kxa1 Qc1+
48. Ka2 Qxc2+ 49. Ka1 Rd1+ 0-1